00377pab a2200133 454500008004000000100002000040245008300060260000900143300001500152362001000167650001000177700002200187773003400209180718b2013 xxu||||| |||| 00| 0 eng d aFrancis, Smitha aIndia's comprehensive trade agreements: Implications for developing trajectory c2013 ap.109-122. a3 Aug aTrade aKallummal, Murali aEconomic and Political Weekly